Le Sserafim mvs - Statistics

General Stats
  • This quiz has been taken 175 times
    7 since last reset
  • The average score is 13 of 14
Answer Stats
Picture Answer % Correct
Antifragile
100%
Boompala
100%
Come Over
100%
Crazy
100%
Different
100%
Easy
100%
Fearless
100%
Hot
100%
Impurities
100%
Perfect Night
100%
Smart
100%
Spaghetti
100%
Celebration
50%
EPBW
33%
No matching quizzes found
Score Distribution
Percent of People with Each Score
Percentile by Number Answered
Your Score History
You have not taken this quiz since the last reset